<?xml version="1.0" encoding="UTF-8"?>
<record
    xmlns:xsi="http://www.w3.org/2001/XMLSchema-instance"
    xsi:schemaLocation="http://www.loc.gov/MARC21/slim http://www.loc.gov/standards/marcxml/schema/MARC21slim.xsd"
    xmlns="http://www.loc.gov/MARC21/slim">

  <leader>00868nam a22002777a 4500</leader>
  <controlfield tag="005">20240906093019.0</controlfield>
  <controlfield tag="008">240410b        sa ||||b |||| 00| 1 ENG d</controlfield>
  <datafield tag="020" ind1=" " ind2=" ">
    <subfield code="a">9780639600536</subfield>
    <subfield code="q">pbk</subfield>
  </datafield>
  <datafield tag="040" ind1=" " ind2=" ">
    <subfield code="a">RDA</subfield>
    <subfield code="c">3228</subfield>
  </datafield>
  <datafield tag="041" ind1=" " ind2=" ">
    <subfield code="2">E</subfield>
  </datafield>
  <datafield tag="082" ind1=" " ind2=" ">
    <subfield code="a">EKF PALM</subfield>
  </datafield>
  <datafield tag="082" ind1=" " ind2=" ">
    <subfield code="a">L EKF PALM</subfield>
  </datafield>
  <datafield tag="100" ind1=" " ind2=" ">
    <subfield code="a">Palmer, Jose</subfield>
  </datafield>
  <datafield tag="100" ind1=" " ind2=" ">
    <subfield code="a">Lombard, Reinette</subfield>
    <subfield code="9">188665</subfield>
  </datafield>
  <datafield tag="245" ind1=" " ind2=" ">
    <subfield code="a">Tippie and his friend / </subfield>
    <subfield code="c">Text by Jose Palmer &amp; Reinette Lombard ; illustrations by Zinelda McDonald</subfield>
  </datafield>
  <datafield tag="260" ind1=" " ind2=" ">
    <subfield code="a">Pretoria :</subfield>
    <subfield code="b">Lapa Publishers,</subfield>
    <subfield code="c">2020</subfield>
  </datafield>
  <datafield tag="300" ind1=" " ind2=" ">
    <subfield code="a">24 pages;</subfield>
    <subfield code="c">21 cm.</subfield>
  </datafield>
  <datafield tag="490" ind1=" " ind2=" ">
    <subfield code="a">Learn to read</subfield>
    <subfield code="v">Level 2: Book 8</subfield>
  </datafield>
  <datafield tag="655" ind1=" " ind2="0">
    <subfield code="9">188586</subfield>
    <subfield code="a">Children's Fiction</subfield>
  </datafield>
  <datafield tag="655" ind1=" " ind2="0">
    <subfield code="9">188666</subfield>
    <subfield code="a">Readers</subfield>
  </datafield>
  <datafield tag="655" ind1=" " ind2="0">
    <subfield code="9">188667</subfield>
    <subfield code="a">Educational Fiction</subfield>
  </datafield>
  <datafield tag="700" ind1=" " ind2=" ">
    <subfield code="9">181507</subfield>
    <subfield code="a">McDonald, Zinelda</subfield>
    <subfield code="e">illustrator</subfield>
  </datafield>
  <datafield tag="942" ind1=" " ind2=" ">
    <subfield code="w">245</subfield>
    <subfield code="x">Izakina Blanche</subfield>
    <subfield code="y">296</subfield>
    <subfield code="z">Phillipina Naude</subfield>
  </datafield>
  <datafield tag="942" ind1=" " ind2=" ">
    <subfield code="2">ddc</subfield>
  </datafield>
  <datafield tag="942" ind1=" " ind2=" ">
    <subfield code="2">lcc</subfield>
    <subfield code="c">BK</subfield>
  </datafield>
  <datafield tag="999" ind1=" " ind2=" ">
    <subfield code="c">762600</subfield>
    <subfield code="d">762599</subfield>
  </datafield>
  <datafield tag="952" ind1=" " ind2=" ">
    <subfield code="0">0</subfield>
    <subfield code="1">0</subfield>
    <subfield code="2">ddc</subfield>
    <subfield code="4">0</subfield>
    <subfield code="7">0</subfield>
    <subfield code="a">MIDDL</subfield>
    <subfield code="b">JEREL</subfield>
    <subfield code="d">2024-04-10</subfield>
    <subfield code="l">1</subfield>
    <subfield code="o">EHF PALM</subfield>
    <subfield code="p">33228024195404</subfield>
    <subfield code="r">2024-04-15</subfield>
    <subfield code="s">2024-04-11</subfield>
    <subfield code="w">2024-04-10</subfield>
    <subfield code="y">BK</subfield>
  </datafield>
  <datafield tag="952" ind1=" " ind2=" ">
    <subfield code="0">0</subfield>
    <subfield code="1">0</subfield>
    <subfield code="2">lcc</subfield>
    <subfield code="4">0</subfield>
    <subfield code="7">0</subfield>
    <subfield code="8">Nursery </subfield>
    <subfield code="a">KLIPL</subfield>
    <subfield code="b">KLIPL</subfield>
    <subfield code="c">CHILD</subfield>
    <subfield code="d">2024-09-05</subfield>
    <subfield code="l">0</subfield>
    <subfield code="o">EKF PALM</subfield>
    <subfield code="p">33228031148538</subfield>
    <subfield code="r">2024-09-05</subfield>
    <subfield code="w">2024-09-05</subfield>
    <subfield code="y">BK</subfield>
  </datafield>
  <datafield tag="952" ind1=" " ind2=" ">
    <subfield code="0">0</subfield>
    <subfield code="1">0</subfield>
    <subfield code="2">ddc</subfield>
    <subfield code="4">0</subfield>
    <subfield code="7">0</subfield>
    <subfield code="a">PHOLL</subfield>
    <subfield code="b">PHOLL</subfield>
    <subfield code="c">CHILD</subfield>
    <subfield code="d">2025-05-14</subfield>
    <subfield code="l">0</subfield>
    <subfield code="o">EKF PALM</subfield>
    <subfield code="p">33228031147576</subfield>
    <subfield code="r">2025-05-14</subfield>
    <subfield code="w">2025-05-14</subfield>
    <subfield code="y">BK</subfield>
  </datafield>
  <datafield tag="952" ind1=" " ind2=" ">
    <subfield code="0">0</subfield>
    <subfield code="1">0</subfield>
    <subfield code="2">ddc</subfield>
    <subfield code="4">0</subfield>
    <subfield code="7">0</subfield>
    <subfield code="8">F</subfield>
    <subfield code="a">KWAML</subfield>
    <subfield code="b">SIYABL</subfield>
    <subfield code="c">CHILD</subfield>
    <subfield code="d">2025-07-14</subfield>
    <subfield code="l">0</subfield>
    <subfield code="o">EKF PALM</subfield>
    <subfield code="p">33228031085488</subfield>
    <subfield code="r">2025-07-14</subfield>
    <subfield code="w">2025-07-14</subfield>
    <subfield code="y">BK</subfield>
  </datafield>
  <datafield tag="952" ind1=" " ind2=" ">
    <subfield code="0">0</subfield>
    <subfield code="1">0</subfield>
    <subfield code="2">ddc</subfield>
    <subfield code="4">0</subfield>
    <subfield code="7">0</subfield>
    <subfield code="8">F</subfield>
    <subfield code="a">MAPHL</subfield>
    <subfield code="b">MAPHL</subfield>
    <subfield code="c">CHILD</subfield>
    <subfield code="d">2025-11-24</subfield>
    <subfield code="l">0</subfield>
    <subfield code="o">EKF PALM</subfield>
    <subfield code="p">33228031090709</subfield>
    <subfield code="r">2025-11-24</subfield>
    <subfield code="w">2025-11-24</subfield>
    <subfield code="y">BK</subfield>
  </datafield>
  <datafield tag="952" ind1=" " ind2=" ">
    <subfield code="0">0</subfield>
    <subfield code="1">0</subfield>
    <subfield code="2">ddc</subfield>
    <subfield code="4">0</subfield>
    <subfield code="7">0</subfield>
    <subfield code="8">Nursery </subfield>
    <subfield code="a">MIDDL</subfield>
    <subfield code="b">THUBL</subfield>
    <subfield code="c">CHILD</subfield>
    <subfield code="d">2026-03-10</subfield>
    <subfield code="l">0</subfield>
    <subfield code="o">EKF PALM</subfield>
    <subfield code="p">33228031147269</subfield>
    <subfield code="r">2026-03-10</subfield>
    <subfield code="w">2026-03-10</subfield>
    <subfield code="y">BOOK</subfield>
  </datafield>
</record>
